LEADER 01531nam a2200277 i 4500 001 000000215455 003 CaOOAMICUS 005 20120824000000.0 008 120824s2010 it u000 u ita u 013 $a194328 040 $aSeMil$bita 245 10$aColloqui di Sadiba 2010 /$c[Giuseppe Vigorelli]. 260 $a[Milano] :$bASSBB,$cstampa 2010. 300 $a41 p. ;$c21 cm + [1] c. di Errata corrige [pag. 11]. 490 0 $aColloqui di Sadiba ;$vN.28 500 $aFormulazione di responsabilità dalla copertina. - Contributi dal Seminario «Credito, capitale e regole : quale equilibrio dinamico per lo sviluppo economico in un contesto di sana concorrenza», Perugia, 11-13 marzo 2010. 650 4$aSviluppo economico - Aspetti sociali.$0(OLS)http://semarc/subject/18765 650 4$aAziende industriali - Capitale - Studi.$0(OLS)http://semarc/subject/31848 700 1 $aVigorelli, Giuseppe.$0(OLS)http://semarc/name/76461 700 1 $aASSBB : Seminario «Credito, capitale e regole : quale equilibrio dinamico per lo sviluppo economico in un contesto di sana concorrenza» <34. ; 2010 ; Perugia>.$0(OLS)http://semarc/name/76460 830 0$aColloqui di Sadiba ;$vN.28.$0(OLS)http://semarc/title/36912 850 $aSeMil 852 $aSeMil$W1$xVenegono$y1$m3M II 278$j165875$B165875$CSeMilBibl$Z2$F182604 $81 961 $aOmaggio: Maffi mons. Giuseppe 996 $6245$aColloqui di Sadiba 2010$9(OLS)http://semarc/title/310176 996 $6260$a[Milano] :$bASSBB$9(OLS)http://semarc/publisher/37838 LEADER 01226nam a2200229 i 4500 001 000000001565 003 CaOOAMICUS 005 20180830125435.0 008 180830s1992 it u000 u ita u 040 $aSeMil$bita 100 1 $aSchmaus, Michael,$d<1897-1993>.$0(OLS)http://semarc/name/108 240 10$aHandbuch der Dogmengeschichte.$0(OLS)http://semarc/title/164 245 10$aStoria delle dottrine cristiane :$bteologie e dogmi nella tradizione delle chiese /$cMichael Schmaus, Alois Grillmeier, Leo Scheffczyk, Michael Seybold. 260 $aPalermo :$bEdizioni Augustinus,$c1992. 300 $av. ;$c24 cm. 500 $aOpera della quale è stato pubblicato solo il vol. 1. 700 1 $aSeybold, Michael.$0(OLS)http://semarc/name/111 700 1 $aGrillmeier, Alois,$c.$0(OLS)http://semarc/name/89101 700 1 $aScheffczyk, Leo,$c.$0(OLS)http://semarc/name/110 774 0 $aSeybold, Michael$tRivelazione.$dPalermo : Edizioni Augustinus, 1992.$z88-246-1301-2$g1$w()75066 996 $6245$aStoria delle dottrine cristiane :$bteologie e dogmi nella tradizione delle chiese$9(OLS)http://semarc/title/2548 996 $6260$aPalermo :$bEdizioni Augustinus$9(OLS)http://semarc/publisher/29665